LEADER 01201nam a2200265 i 4500 001 000000214017 003 CaOOAMICUS 005 20120620000000.0 008 120620s2012 it u000 u ita u 013 $a192872 020 $a978-88-10-10890-1 040 $aSeMil$bita 100 1 $aMartini, Carlo Maria,$c.$0(OLS)http://semarc/name/89159 245 10$aInvocare il Padre :$bpreghiere /$cCarlo Maria Martini ; presentazione di mons. Renato Corti. 260 $aBologna :$bEDB,$c2012. 300 $a212 p. ;$c19 cm. 650 4$aPreghiere - Testi.$0(OLS)http://semarc/subject/6541 650 4$aMartini, Carlo Maria - Preghiere.$0(OLS)http://semarc/subject/39942 700 1 $aCorti, Renato,$c.$0(OLS)http://semarc/name/16279 850 $aSeMil 852 $aSeMil$W1$xVenegono$y1$m2F II 559$j164445$B164445$CSeMilBibl$Z2$F175461 $81 961 $aOmaggio: Delpini mons. Mario 996 $6020$a978-88-10-10890-1$9(OLS)http://semarc/number/210187 996 $6245$aInvocare il Padre :$bpreghiere$9(OLS)http://semarc/title/308461 996 $6260$aBologna :$bEDB$9(OLS)http://semarc/publisher/29669 LEADER 01232nam a2200253 i 4500 001 000000070383 003 CaOOAMICUS 005 20080818000000.0 008 080818s1964 gw u000 u ger u 013 $a41555 040 $aSeMil$bita 110 2 $aDeutsche Gesellschaft für Philosophie e. V. .$0(OLS)http://semarc/name/1612 245 14$aDie Philosophie und die Frage nach dem Fortschritt /$cheraugegeben von Helmut Kuhn und Franz Wiedmann ; [Beiträge von Karl Löwith ... et al.]. 260 $aMünchen :$bA. Pustet,$cc1964. 300 $a352 p. ;$c22 cm. 500 $aIn testa al front.: Allgemeine Gesellschaft für Philosophie in Deutschland. 650 4$aFilosofia - Atti di congressi.$0(OLS)http://semarc/subject/57 700 1 $aLöwith, Karl,$d<1897-1973>.$0(OLS)http://semarc/name/27411 700 1 $aWiedmann, Franz.$0(OLS)http://semarc/name/32832 700 1 $aKuhn, Helmut <1899-1991>.$0(OLS)http://semarc/name/2118 850 $aSeMil 852 $aSeMil$W1$xVenegono$y1$m2P II 300$j36536$B36536$CSeMilBibl$Z2$F36539 $81 996 $6245$aDie Philosophie und die Frage nach dem Fortschritt$9(OLS)http://semarc/title/112980 996 $6260$aMünchen :$bA. Pustet$9(OLS)http://semarc/publisher/40350